000 00527nam a2200205Ia 4500
005 20250923144742.0
008 008 250917s9999 xx 000 0 eng d
037 _aTextual
040 _aDSWL
_beng
_cDSWL
041 _aeng
_2eng
084 _qDSWL
100 _aVora, D.P.
_9828041
245 0 _aEvolution of Morals in the Epics
_cby D.P. Vora
260 _aBombay
_bLimington Road
_c1959
300 _axv,280p.
365 _aINR
_b18
925 _g18
942 _cTEXL
999 _c1442915
_d1442915